| 000 | 01493cam a2200277 4500 | ||
|---|---|---|---|
| 008 | 030514n2003 000 0 eng u | ||
| 020 | _a0112430708 | ||
| 035 | _a(Sirsi) u122261 | ||
| 041 | _aeng | ||
| 050 |
_a630.1 _c18 |
||
| 110 | _aDEFRA | ||
| 245 | _aAgriculture in the United Kingdom 2002 | ||
| 260 |
_aLondon _bTSO _c2003 |
||
| 350 | _a19 | ||
| 520 | _aProvides information on the economic conditions and prospects of the UK agriculture industry and a summary of the year 2002. Looks at environmental developments, reports on each of the main agricultural commodities, and contains information on agricultural incomes. (N.B. Some of the figures now given for past years may differ from those published in preceding issues. This is because of the use of later information, changes in the scope and nature of the available data and improvements in statistical methods). | ||
| 650 | _aAGRICULTURAL INDUSTRY | ||
| 650 | _aUNITED KINGDOM | ||
| 650 |
_aEnvironment _96238 |
||
| 650 | _aECONOMY | ||
| 690 |
_aRURAL _96268 |
||
| 710 |
_aScottish Executive Environment and Rural Affairs Department _94114 |
||
| 710 |
_aDepartment of Agriculture and Rural Development (Northern Ireland) _94062 |
||
| 710 |
_aNAFW Agriculture and Rural Affairs Department _94451 |
||
| 856 |
_uhttps://statistics.defra.gov.uk/esg/publications/auk/2002/default.asp _vView the report (pdf 2008kb for complete document, but also downloadable in smaller sections) on the DEFRA website... |
||
| 942 | _n0 | ||
| 999 |
_c102801 _d102801 |
||